Normal view MARC view
  • Naeem Akhtar, Ahmad

Entry Personal Name

Number of records used in: 1

001 - CONTROL NUMBER

  • control field: 133118

003 - CONTROL NUMBER IDENTIFIER

  • control field: NUST

005 - DATE AND TIME OF LATEST TRANSACTION

  • control field: 20260207112901.0

008 - FIXED-LENGTH DATA ELEMENTS

  • fixed length control field: 260207|| aca||aabn | a|a d

040 ## - CATALOGING SOURCE

  • Original cataloging agency: NUST
  • Transcribing agency: NUST

100 ## - HEADING--PERSONAL NAME

  • Personal name: Naeem Akhtar, Ahmad

670 ## - SOURCE DATA FOUND

  • Source citation: Work cat.: (NUST): Naeem Akhtar, Ahmad, Spectrum Decision Support Framework for Cognitive Radio Networks /, 2018
© 2023 Central Library, National University of Sciences and Technology. All Rights Reserved.